000 01195cam a2200265 4500
001 ABS65723
008 020805n2002 000 0 eng u
035 _a(Sirsi) u119215
100 _aKnutt, E
245 _aBrown bread
260 _c2002
490 _aEstates Gazette
_v230 27 July 2002, 52-53 (2)
520 _aExamines the Housing Market Renewal Fund, £500m directed towards nine low housing demand areas in the North of England. Goverment estimates there to be 880 000 owner-occupied and council/housing association owned homes in England which can be defined as low demand. Local authorities in these areas have been working on preliminary plans on how to spend the funding. Each of the nine pathfinder schemes will pursue a fairly independent path stabilising local housing markets, getting developers to revitialise whole locations; working sub-regionally inpartnership structures.
590 _aABS
650 _aMANCHESTER
650 _aMERSEYSIDE
650 _aSOUTH YORKSHIRE
650 _aHUMBERSIDE
650 _aTYNESIDE
650 _aEAST LANCASHIRE
650 _aHOUSING MARKET RENEWAL FUND
650 _aREGENERATION
690 _aHOUSING
942 _n0
999 _c70903
_d70903